000 00228nam a2200085Ia 4500
245 0 _aSouth Africa eats
100 _a CHEIFITZ, Phillippa Cape Town, 2009
_986038
942 _cBK
008 210817s9999 xx 000 0 und d
999 _c325417
_d325416